| 000 | 00764nam a22002057a 4500 | ||
|---|---|---|---|
| 003 | OSt | ||
| 005 | 20250621031246.0 | ||
| 008 | 250619b |||||||| |||| 00| 0 eng d | ||
| 020 | _a 978-621-427-235-8 | ||
| 040 |
_aDWCL - Main lib _cOC |
||
| 082 | _aFil. 658.3 C183n 2025 | ||
| 100 | _aCamilar-Serrano, Angelita Ong | ||
| 245 |
_aNavigating human behavior in organizations: _binsights and strategies for effective leadership/ _cAngelita Ong Camilar - Serrano |
||
| 260 |
_aIntramuros, Manila: _bUnimited Books Library Services & Publishing Inc., _cc2025. |
||
| 300 |
_ax, 207 pages; _c 23cm. |
||
| 504 | _aIncludes bibliographical references. | ||
| 650 | _a1. Personnel management. | ||
| 650 | _a2. Organizational behavior. | ||
| 942 |
_2ddc _cBK - FIL _kFil. _n0 |
||
| 999 |
_c3152 _d3152 |
||